Texas Waste Water Treatment Ch#15.7 Sludge Digestion - Statistics

General Stats
  • This quiz has been taken 14 times
  • The average score is 2 of 3
Answer Stats
Question Answer % Correct
If 5,000 gallons of sludge containing 1.5% solids is dewatered to 6% solids, what would the new volume be in gallons? 1,250 GAL
100%
150,000 gallons of raw sludge are pumped to the digester each month. The raw sludge is 96% moisture and 30% ash. After digestion, the moisture content is 93% and 50% ash. How many gallons of digested sludge should be withdrawn to keep the digester in balance? 51,429 GAL
50%
Sludge is drawn onto a 30 by 50 ft. drying bed to a depth of 9 in. Calculate the number of gallons spread onto the bed. 8,415 GAL
50%
No matching quizzes found
Score Distribution
Percent of People with Each Score
Percentile by Number Answered
Your Score History
You have not taken this quiz